000 00546nam a2200169 i 4500
001 bg
100 1 _aGÓRECKI, Zenon
245 0 _aDrgania w budowie maszyn :
_bzbiór zadań z rozwiązaniami : skrypt przeznaczony jest dla studentów [...] /
_cZenon Górecki ; Politechnika Gdańska.
260 _aGdańsk :
_bWydaw. PG,
_c1988.
300 _a307, [1] s. :
_bwykr. ;
_c24 cm.
504 _abibliogr. s. 308.
040 _cBPK
041 _apol
080 _a621.01:534.8](075.8)(076)
942 _cKS
008 s pl f |000 0 pol
999 _c3818
_d3818
856 _uhttp://koha.tu.koszalin.pl/cgi-bin/koha/opac-detail.pl?biblionumber=3818
_yKatalog online BPK